000 01001nam a2200301 i 4500
003 DO-SdBNP
005 20250716102812.0
007 ta
008 250716b2025 dr a|||| |||| 00| 0 spa d
020 _a9789945647839
040 _aDO-SdBNP
_bspa
_cBNPHU
_erda
041 _aspa
082 4 _axxx
_bxxx
_222
100 _aPolanco, Alci,
_eautor
_4aut.
_988367
245 1 0 _aEn la sombra del autismo /
_cAlcibíades Polanco ; corrección, Santiago Almada ; prólogo, Manuel Quiroz
250 _aPrimera edición
264 4 _axxx
_bP762s
_c©2025.
300 _a391 páginas :
_bilustraciones,
_c23 cm.
336 _atexto
_btxt
_2rdacontent
337 _asin mediación
_bn
_2rdamedia
338 _avolumen
_bnc
_2rdacarrier
500 _aIncluye datos biográficos del autor en la solapa de la cubierta
590 _aInventariado, 2025/BT
700 1 _aAlmada, Santiago,
_ecorrector
_4corr.
_987829
700 1 _aQuiroz, Manuel,
_eprologuista
_4pr.
_988368
910 _aBtavárez
942 _2ddc
_cLBS1
999 _c59556
_d59556